Мартин Иден. Дочь снегов: романы; пер. с англ.

Библиографические подробности
Главный автор: Лондон Дж. Джек
Примечания:«Мартин Идеи» — выдающийся роман Джека Лондона о человеке из низов, добившемся успеха, о поиске места в жизни, муках творчества и муках любви — оказался пророче­ским: Джек Лондон во многом повторил судьбу своего героя.Героиня первого романа писателя «Дочь снегов», неза­висимая и свободная от светских условностей Фрона Уэлз, сродни Мартину Идену. Любовный треугольник на фоне безумной «золотой лихорадки» Клондайка, приключений золотоискателей и трагической деградации индейцев — за­хватывающее смешение жанров.
Язык:русский
Опубликовано: Москва, Э, 2015
Серии:Зарубежная классика
Предметы:
Формат: Книга
Запись в KOHA:https://koha.lib.tpu.ru/cgi-bin/koha/opac-detail.pl?biblionumber=305353

MARC

LEADER 00000nam0a2200000 4500
001 305353
005 20231102001806.0
010 |a 9785699832569 
035 |a (RuTPU)RU\TPU\book\330621 
035 |a RU\TPU\book\190910 
035 |a RU\TPU\book\292687 
090 |a 305353 
100 |a 20140919d2015 m y0rusy5003 ca 
101 1 |a rus  |c eng 
102 |a RU 
105 |a y z 000ay 
200 1 |a Мартин Иден. Дочь снегов  |e романы  |e пер. с англ.  |f Д. Лондон 
210 |a Москва  |c Э  |d 2015 
215 |a 638 с. 
225 1 |a Зарубежная классика 
330 |a «Мартин Идеи» — выдающийся роман Джека Лондона о человеке из низов, добившемся успеха, о поиске места в жизни, муках творчества и муках любви — оказался пророче­ским: Джек Лондон во многом повторил судьбу своего героя.Героиня первого романа писателя «Дочь снегов», неза­висимая и свободная от светских условностей Фрона Уэлз, сродни Мартину Идену. Любовный треугольник на фоне безумной «золотой лихорадки» Клондайка, приключений золотоискателей и трагической деградации индейцев — за­хватывающее смешение жанров. 
606 1 |a Американская литература (англо-язычная литература)  |2 stltpush  |3 (RuTPU)RU\TPU\subj\28887  |9 52349 
610 1 |a приключения 
610 1 |a романы 
675 |a 82  |v 3 
700 1 |a Лондон  |b Дж.  |c настоящее имя Джон Гриффит  |c американский писатель  |f 1876-1916  |g Джек  |2 stltpush  |3 (RuTPU)RU\TPU\pers\14989  |9 5109 
801 1 |a RU  |b 63413507  |c 20150925 
801 2 |a RU  |b 63413507  |c 20151209  |g RCR 
942 |c BK 
959 |a 122/20150924  |d 1  |e 232,00  |f ХФ:1